000 00412pab a2200157 454500
008 180718b2011 xxu||||| |||| 00| 0 eng d
100 _aSavitch, H.V.
245 _aA strategy for neighborhood decline and regrowth: Forging the French connection
260 _c2011
300 _ap.800-837.
362 _aNov
650 _aUrban Development
773 _aUrban Affairs Review
908 _aN
909 _a94500
999 _c94500
_d94500